Word Ladder: Lukas Graham Song Quiz Stats

 Plays Quiz not verified by Sporcle

Score 0/16 Timer 02:00
0 Plays Today
Hint Word % Correct
Number of days in a week; First word of a Lukas Graham song written out🎶SEVEN🎶
97.4%
'Great _____ think alike'MINDS
83.2%
A high body temperature that accompanies a sicknessFEVER
81.9%
365 days in these; Second word of a Lukas Graham song🎶YEARS🎶
81.6%
To divide by cuttingSEVER
72.7%
What Marlin does to NemoFINDS
71.1%
'Darling' of Peter PanWENDY
70.4%
A Lincoln dollar billFIVER
69.7%
Hint Word % Correct
Parking feesFINES
68.1%
Flexible, like a strawBENDY
68.1%
RepairsMENDS
67.4%
Of more qualityFINER
67.1%
Necklace componentsBEADS
65.1%
Pandas and spectacleds BEARS
64.8%
Goes in a specific directionWENDS
60.9%
Band that sung 'Soul Love': _____ EyeBEADY
60.2%

You're not logged in!

Compare scores with friends on all Sporcle quizzes.
OR
Log In

You Might Also Like...

Show Comments

Extras

Top Quizzes Today


Score Distribution

Your Account Isn't Verified!

In order to create a playlist on Sporcle, you need to verify the email address you used during registration. Go to your Sporcle Settings to finish the process.

Report this User

Report this user for behavior that violates our Community Guidelines.

Details: